000 00297nam a22001337a 4500
003 OSt
005 20231127213756.0
008 231127b |||||||| |||| 00| 0 eng d
040 _cCO-JMCR
082 _aC /
_bCALm
100 _aCali, Davide,
_eautor
_942976
245 _aMi casa /
942 _2ddc
_cBK
999 _c30384
_d16768